Los Profetas menores (Record no. 182962)

MARC details
000 -LEADER
campo de control de longitud fija 00701nam a22002291i 4500
001 - NÚMERO DE CONTROL
campo de control 182962
003 - IDENTIFICADOR DE NÚMERO DE CONTROL
campo de control ES-MaACL
005 - FECHA Y HORA DE LA ÚLTIMA TRANSACCIÓN
campo de control 20250819000834.0
008 - DATOS DE LONGITUD FIJA--INFORMACIÓN GENERAL
campo de control de longitud fija 140107s1961 sp |||| | spa d
040 ## - FUENTE DE CATALOGACIÓN
Centro catalogador/agencia de origen SpMaBN
Lengua de catalogación spa
Centro/agencia transcriptor A2
080 ## - NÚMERO DE LA CLASIFICACIÓN DECIMAL UNIVERSAL
Número de la Clasificación Decimal Universal 224.6/.99.017
080 ## - NÚMERO DE LA CLASIFICACIÓN DECIMAL UNIVERSAL
Número de la Clasificación Decimal Universal 224.5.017
100 1# - ENTRADA PRINCIPAL--NOMBRE DE PERSONA
Nombre de persona Colao, Alberto.
9 (RLIN) 39546
245 14 - MENCIÓN DEL TÍTULO
Título Los Profetas menores
Resto del título : El Libro de Daniel /
Mención de responsabilidad, etc. Alberto Colao.
260 ## - PUBLICACIÓN, DISTRIBUCIÓN, ETC.
Lugar de publicación, distribución, etc. [Cartagena] :
Nombre del editor, distribuidor, etc. Athenas,
Fecha de publicación, distribución, etc. [1961]
300 ## - DESCRIPCIÓN FÍSICA
Extensión 227 p., 2 h. ;
Dimensiones 17 cm.
500 ## - NOTA GENERAL
Nota general Lectio Theologica.
630 04 - PUNTO DE ACCESO ADICIONAL DE MATERIA--TÍTULO UNIFORME
Título uniforme Biblia.
Nombre de parte o sección de la obra A.T.-
Subdivisión general Profetas menores-
Subdivisión de forma Comentarios.
9 (RLIN) 119252
630 07 - PUNTO DE ACCESO ADICIONAL DE MATERIA--TÍTULO UNIFORME
Título uniforme Biblia.
Nombre de parte o sección de la obra A. T.
-- Daniel
Fuente del encabezamiento o término
9 (RLIN) 141537
852 ## - LOCALIZACIÓN
Ubicación ES-MaACL
Número de control de estantería C-27247
Holdings
Estatus retirado Estado de pérdida Estado de daño No para préstamo Biblioteca de origen Biblioteca actual Ubicación en estantería Fecha de adquisición Fuente de adquisición Total de préstamos Signatura topográfica completa Código de barras Visto por última vez Precio de reemplazo Tipo de ítem Koha
        Biblioteca del Ateneo de Madrid Biblioteca del Ateneo de Madrid Depósito 2 07/01/2014     C-27247 1192297 23/02/2023 23/02/2023 Libro impreso